00904nam a22002657a 45000010005000000030006000050050017000110080041000280200018000690400029000870500008001160820010001241000029001342450080001632600026002433000045002694900042003145050007003565200141003635210027005045210018005316500028005496500025005777000036006029711FISKH20260130095252.0260130b cb ||||| |||| 00| 0 eng d a9788956353951 aFISKHbengcFISKHdFISKH aPZ7 a398.2 aGrimm, Brothers eAuthor aMother Holle /cBrothers Grimm ; series editor : Jason Wilburn , Ian Bosiak aSeoul :bXACT ,c2009 a26 pages :bcolor illustrations ;c21 cm aMy first classic readers :vLevel 3-9 aJ  aA kind girl finds a magical land at the bottom of the well. What fortune awaits her in the land? Will others be able to follow her path?8 a500 bLexile estimate 8 aJ bRaz-Plus  aMagical landvHard work aLaziness vKindness  aWilburn, Jason eSeries editor